<?xml version="1.0" encoding="UTF-8"?><?xml-stylesheet type="text/xsl" href="static/style.xsl"?><OAI-PMH xmlns="http://www.openarchives.org/OAI/2.0/" xmlns:xsi="http://www.w3.org/2001/XMLSchema-instance" xsi:schemaLocation="http://www.openarchives.org/OAI/2.0/ http://www.openarchives.org/OAI/2.0/OAI-PMH.xsd"><responseDate>2026-06-04T06:48:19Z</responseDate><request verb="GetRecord" identifier="oai:riuma.uma.es:10630/28476" metadataPrefix="marc">https://riuma.uma.es/rest/oai/request</request><GetRecord><record><header><identifier>oai:riuma.uma.es:10630/28476</identifier><datestamp>2026-02-03T11:06:50Z</datestamp><setSpec>com_10630_2254</setSpec><setSpec>col_10630_37953</setSpec></header><metadata><record xmlns="http://www.loc.gov/MARC21/slim" xmlns:dcterms="http://purl.org/dc/terms/" xmlns:doc="http://www.lyncode.com/xoai" xmlns:xsi="http://www.w3.org/2001/XMLSchema-instance" xsi:schemaLocation="http://www.loc.gov/MARC21/slim http://www.loc.gov/standards/marcxml/schema/MARC21slim.xsd">
   <leader>00925njm 22002777a 4500</leader>
   <datafield ind2=" " ind1=" " tag="042">
      <subfield code="a">dc</subfield>
   </datafield>
   <datafield ind2=" " ind1=" " tag="720">
      <subfield code="a">Sánchez-González, María</subfield>
      <subfield code="e">author</subfield>
   </datafield>
   <datafield ind2=" " ind1=" " tag="720">
      <subfield code="a">Miró Amarante, María Lourdes</subfield>
      <subfield code="e">author</subfield>
   </datafield>
   <datafield ind2=" " ind1=" " tag="720">
      <subfield code="a">Ruiz-Rey, Francisco José</subfield>
      <subfield code="e">author</subfield>
   </datafield>
   <datafield ind2=" " ind1=" " tag="720">
      <subfield code="a">Cebrián-de-la-Serna, Manuel</subfield>
      <subfield code="e">author</subfield>
   </datafield>
   <datafield ind2=" " ind1=" " tag="260">
      <subfield code="c">2022</subfield>
   </datafield>
   <datafield ind2=" " ind1=" " tag="520">
      <subfield code="a">La pandemia de la Covid-19 ha provocado una transformación digital en la docencia universitaria aún por valorar y analizar en todas sus dimensiones. Ante ello, las instituciones han desarrollado diferentes estrategias, también en red, para formar al profesorado. El presente artículo expone un programa universitario, los #webinarsUNIA, enmarcado en los planes anuales de formación al profesorado de la Universidad desde 2013-14 pero en abierto&#xd;
y sin coste para cualquier persona interesada. Nos centramos en los resultados de la edición 2020-21, con una veintena de seminarios como respuesta a las demandas formativas docentes fruto de la sobrevenida y rápida virtualización de los programas durante la pandemia, y que reunió a 10.933 participantes de diversa procedencia geográfica. Para medir su satisfacción se diseñaron encuestas con “alfa de Cronbach” 0,789 que consideraron, entre otras dimensiones, organización, docentes, contenidos y formato de las actividades. La evaluación fue opcional y obtuvo una muestra de 1.908 respuestas (34% de quienes concluyeron la formación). Los resultados fueron en general muy positivos, atendiendo al principio de pertinencia en los objetivos, necesidades recogidas en un sondeo previo al diseño y oportunidad en el formato. Además, abrieron paso a la generación de nuevos recursos y productos de aprendizaje en formato SPOC de gran utilidad para capacitar sobre competencias digitales, innovación educativa y e-learning a un gran número de docentes en el escenario de la Covid-19.</subfield>
   </datafield>
   <datafield ind1="8" ind2=" " tag="024">
      <subfield code="a">Sánchez González, M., Miró Amarante, M. L., Ruiz Rey, F. J., y Cebrián de la Serna, M. (2022). Evaluación de programas online de capacitación docente sobre innovación y competencias digitales durante la Covid-19: #webinarsUNIA. RIED. Revista Iberoamericana de Educación a Distancia, 25(1), pp. 121-140. https:// doi.org/10.5944/ried.25.1.30763</subfield>
   </datafield>
   <datafield ind1="8" ind2=" " tag="024">
      <subfield code="a">https://hdl.handle.net/10630/28476</subfield>
   </datafield>
   <datafield ind1="8" ind2=" " tag="024">
      <subfield code="a">10.5944/ried.25.1.30763</subfield>
   </datafield>
   <datafield tag="653" ind2=" " ind1=" ">
      <subfield code="a">Profesores - Formación profesional</subfield>
   </datafield>
   <datafield ind2="0" ind1="0" tag="245">
      <subfield code="a">Evaluación de programas online de capacitación docente sobre innovación y competencias digitales durante la Covid-19: #webinarsUNIA</subfield>
   </datafield>
</record>
</metadata></record></GetRecord></OAI-PMH>